书目信息 |
| 题名: |
积厚成势
|
|
| 作者: | 何帆, 著 | |
| 分册: | ||
| 出版信息: | 北京 中国民主法制出版社 2023.04 |
|
| 页数: | 12, 781页 | |
| 开本: | 22cm | |
| 丛书名: | ||
| 单 册: | ||
| 中图分类: | ||
| 科图分类: | ||
| 主题词: | 司法制度--研究--中国 , 法律--中国 | |
| 电子资源: | ||
| ISBN: | 978-7-5162-3153-1 | |
| 000 | 01845nam0 2200325 450 | |
| 001 | 2355225395 | |
| 005 | 20120618220358.10 | |
| 010 | @a978-7-5162-3153-1@b精装@dCNY99.00 | |
| 099 | @aCAL 012023052275 | |
| 100 | @a20230530d2023 ekmy0chiy50 ea | |
| 101 | 0 | @achi |
| 102 | @aCN@b110000 | |
| 105 | @ay a 001yy | |
| 106 | @ar | |
| 200 | 1 | @a积厚成势@e中国司法的制度逻辑@d= Gathering momentum@ethe institutional logic of chinese judiciary@f何帆著 |
| 210 | @a北京@c中国民主法制出版社@d2023.04 | |
| 215 | @a12, 781页@d22cm | |
| 300 | @a麦读 | |
| 314 | @a何帆, 1978年1月生, 湖北襄樊人, 法学博士, 做过警察、法官, 现为司法工作者。编著学术作品和刑法工具书若干, 另有法政译著十余种。在清华大学开设“中国司法制度和司法改革”课程。 | |
| 320 | @a有书目 (第737-748页) 和索引 | |
| 330 | @a本书以《人民法院组织法》《法官法》和《中国共产党政法工作条例》为制度主线, 阐述在中国这样一个发展尚不平衡不充分的超大型单一制国家里: 法院系统与中国共产党、国家权力机关、地方党政体系究竟是什么关系、如何互动, 进而形成组织架构、人事经费、支持配合、制约监督上的制度关联 ; 作为优选审判机关的最高人民法院, 如何监督指导全国3500多家下级法院, 如何实现司法政策“自上而下”的有序传导, 并在此过程中“轧平”地域与发展上的差异 ; 司法审判和司法改革又是如何与党管政法、党管干部、民主集中制等重大政治原则融为一体, 形成有别于其他国家的制度特色和制度优势。除了介绍现行文本、起草情况、运行实效, 本书力图还原制度的形成过程、回溯改革的来龙去脉。经过这样的还原回溯、史实比对, 可以发现:当下习以为常的概念或表述, 其实经历过曲折反复的发展。 | |
| 500 | 10 | @aGathering momentum@ethe institutional logic of chinese judiciary@zeng |
| 517 | 1 | @a中国司法的制度逻辑 |
| 606 | @a司法制度@x研究@y中国 | |
| 606 | 0 | @a法律@x中国 |
| 690 | @a@v5 | |
| 690 | @aD926.04@v4 | |
| 701 | 0 | @a何帆,@f1978-@4著 |
| 801 | 0 | @aCN@b安徽时代出版发行有限公司@c20230530 |
| 905 | @dD926.04@e1002 | |
| 积厚成势:中国司法的制度逻辑= Gathering momentum:the institutional logic of chinese judiciary/何帆著.-北京:中国民主法制出版社,2023.04 |
| 12, 781页;22cm |
| 麦读 |
| ISBN 978-7-5162-3153-1(精装):CNY99.00 |
| 本书以《人民法院组织法》《法官法》和《中国共产党政法工作条例》为制度主线, 阐述在中国这样一个发展尚不平衡不充分的超大型单一制国家里: 法院系统与中国共产党、国家权力机关、地方党政体系究竟是什么关系、如何互动, 进而形成组织架构、人事经费、支持配合、制约监督上的制度关联 ; 作为优选审判机关的最高人民法院, 如何监督指导全国3500多家下级法院, 如何实现司法政策“自上而下”的有序传导, 并在此过程中“轧平”地域与发展上的差异 ; 司法审判和司法改革又是如何与党管政法、党管干部、民主集中制等重大政治原则融为一体, 形成有别于其他国家的制度特色和制度优势。除了介绍现行文本、起草情况、运行实效, 本书力图还原制度的形成过程、回溯改革的来龙去脉。经过这样的还原回溯、史实比对, 可以发现:当下习以为常的概念或表述, 其实经历过曲折反复的发展。 |
| ● |
| 相关链接 |
|
|
|
|
正题名:积厚成势
索取号:D926.04/1002
 
预约/预借
| 序号 | 登录号 | 条形码 | 馆藏地/架位号 | 状态 | 备注 |
| 1 | 1411677 | 214116776 | 第一样本阅览室/ [索取号:D926.04/1002] | 在馆 | |
| 2 | 1411678 | 214116785 | 第一借阅区/ [索取号:D926.04/1002] | 在馆 | |
| 3 | 1411679 | 214116794 | 第一借阅区/ [索取号:D926.04/1002] | 在馆 | |
| 4 | 1411680 | 214116801 | 第一借阅区/ [索取号:D926.04/1002] | 在馆 | |
| 5 | 1411681 | 214116810 | 第一借阅区/ [索取号:D926.04/1002] | 在馆 |